The grass harp (Record no. 1210237)

MARC details
000 -LEADER
fixed length control field 00452nam a2200193Ia 4500
008 - FIXED-LENGTH DATA ELEMENTS--GENERAL INFORMATION
fixed length control field 151121s9999||||xx |||||||||||||| ||und||
082 ## - DEWEY DECIMAL CLASSIFICATION NUMBER
Classification number 823/Cap
082 ## - DEWEY DECIMAL CLASSIFICATION NUMBER
Item number HNW-917
100 ## - MAIN ENTRY--PERSONAL NAME
Personal name Capote truman
245 #4 - TITLE STATEMENT
Title The grass harp
260 ## - PUBLICATION, DISTRIBUTION, ETC. (IMPRINT)
Name of publisher, distributor, etc "The New American Lib, N।Y।"
260 ## - PUBLICATION, DISTRIBUTION, ETC. (IMPRINT)
Date of publication, distribution, etc --
300 ## - PHYSICAL DESCRIPTION
Extent 127
600 ## - SUBJECT ADDED ENTRY--PERSONAL NAME
Personal name Capote truman
630 ## - SUBJECT ADDED ENTRY--UNIFORM TITLE
Uniform title The grass harp
700 ## - ADDED ENTRY--PERSONAL NAME
Personal name Capote truman
730 ## - ADDED ENTRY--UNIFORM TITLE
Uniform title The grass harp
942 ## - ADDED ENTRY ELEMENTS (KOHA)
Koha item type Book
Holdings
Withdrawn status Lost status Damaged status Not for loan Home library Current library Date acquired Cost, normal purchase price Total Checkouts Full call number Barcode Date last seen Cost, replacement price Price effective from Koha item type
        Hirachand Nemchand Wachanalaya, Solapur Hirachand Nemchand Wachanalaya, Solapur 11/21/2015 0.00   HNW-917 HNW-917 11/21/2015 0.00 11/21/2015 Book